000 01286nam a2200301 c 4500
999 _c190134
_d190134
003 BLK
005 20191002132116.0
008 180411b bul|||||r ||||||| ||bul||
010 _aKNG00199197000
040 _aBLK
041 _aBUL
_cBUL
072 7 _2bullib
_aА
_xФонд Михаил Арнаудов
080 _aВисше образование. Висши учебни заведения
_b378
_x(497.2)(094.5)
_z378(497.2)(094.5)
139 _aЗакон за Университета и университетските правилници
_bЗ 27
245 1 0 _aЗакон за Университета и университетските правилници
257 _aBGR
260 _bСоф. унив. Кл. Охридски
_c1925
_fСофия : Ив. К. Божинов
300 _a168 с.
_c15 см
380 _a3
490 _9396381
_aЧастна колекция - Академик Михаил Арнаудов
_gДарение - Основен фонд
500 _aСъдържа подпис на Михаил Арнаудов. - Мека подв.
650 4 _aСофийски университет "Св. Климент Охридски" - история
_9304810
659 _aА
852 _aМА 1364
856 4 _qpdf
856 4 _qpdf
942 _cKNG
_n0
_s1
944 _aCR
_c12.01.2017
_kГеновева_Генчева
944 _aED
_c13.01.2017
_kГеновева_Генчева
999 _d190134